| 000 | 00430nam a2200133Ia 4500 | ||
|---|---|---|---|
| 008 | 211119s9999||||xx |||||||||||||| ||und|| | ||
| 082 |
_a894.812 3 _bDUR-J |
||
| 100 | _aDurrell, Lawrence | ||
| 245 | 0 | _aJustine | |
| 260 |
_bMathrubhoomi Books _aKottayam _c2008 |
||
| 300 | _a179p | ||
| 650 |
_aLiterature & rhetoric _v Literatures of other languagesAltaic, Uralic, Hyperborean & Dravidian Malayalam _xGeneral Stack |
||
| 942 | _cBOOK | ||
| 999 |
_c118764 _d118764 |
||